| 000 | 00530nam a2200229Ia 4500 | ||
|---|---|---|---|
| 008 | 210210b1959 xxu||||| |||| 00| 0 eng d | ||
| 041 | _aeng | ||
| 082 | _a960/61 | ||
| 100 | _aBRIGHT (Jagat S) | ||
| 245 | _aGather ye the wisdom: an exhaustive book of essays | ||
| 260 |
_aDelhi _bJiwan Prakashan _c1959 |
||
| 300 | _a382 | ||
| 650 | _aye | ||
| 650 | _awisdom: | ||
| 650 | _aGather | ||
| 650 | _aexhaustive | ||
| 650 | _aessays | ||
| 650 | _abook | ||
| 650 | _aan | ||
| 690 | _aGeneral Knowledge | ||
| 906 | _a002347 | ||
| 999 |
_c121767 _d121767 |
||